000
00211 a2200097 4500
001
43006
100
_a
Desoutter D
245
_a
Aircraft Missiles
260
_a
London
_b
Faber & Faber
_c
090
_c
26881
_d
26881
942
_a
NUST-CAE
_c
M
_c
18759
999
_c
278079
_d
278079